იადიგარ დაუდი / (ბიბ.ჩანაწერი № 62609)
[ მარტივი ფორმატი ]
| 000 -ლიდერი | |
|---|---|
| ფიქსირებული სიგრძის საკონტროლო ველი | 01158nam a22002057a 4500 |
| 003 - საკონტროლო ნომრის იდენტიფიკატორი | |
| საკონტროლო ველი | Ge_BSU |
| 005 - ბოლო ოპერაციის თარიღი და დრო | |
| საკონტროლო ველი | 20241217153829.0 |
| 008 - ფიქსირებული სიგრძის მონაცემთა ელემენტები - ზოგადი ინფორმაცია | |
| ფიქსირებული სიგრძის საკონტროლო ველი | 241217s1985 ge ||||| |||| 00| 0 geo d |
| 041 ## - ენის კოდი | |
| Language code of text/sound track or separate title | geo |
| 080 ## - უნივერსალური ათობითი კლასიფიკაციის ინდექსი | |
| Universal Decimal Classification number | 615.89(479.22) ბ-14 |
| 100 ## - მთავარი ჩანაწერი - პიროვნების სახელი | |
| Personal name | ბაგრატიონი, დავით |
| 9 (RLIN) | 22265 |
| 245 ## - ცნობა სათაურის შესახებ | |
| Title | იადიგარ დაუდი / |
| Statement of responsibility, etc | გამოსაც. მოამზადა, წინასიტყვ., გამოკვლევა, ლექსიკონი და კომენტარები დაურთო ლადო კოტეტიშვილმა. |
| 264 ## - წარმოების, გამოცემის, დისტრიბუციის და სხვა ცნობები | |
| გამოცემის, წარმოების, დისტრიბუციის... ადგილი | თბ. : |
| გამოცემის, წარმოების, დისტრიბუციის... სახელწოდება | საბჭ. საქართველო, |
| გამოცემის, წარმოების, დისტრიბუციის... თარიღი | 1985. |
| 300 ## - ფიზიკური აღწერა | |
| Extent | 742გვ. ; |
| Other physical details | 22სმ. |
| 500 ## - ზოგადი შენიშვნა | |
| General note | წინასიტყვ. პარალ. ტექსტი რუს. |
| 501 ## - შენიშვნა თანმხლებ მასალაზე | |
| With note | ლექსიკონი: გვ. 691-736. საძიებლები: გვ. 737-741 |
| 700 ## - ADDED ENTRY--PERSONAL NAME | |
| Personal name | კოტეტიშვილი, ლადო |
| Relator term | წინასიტყვაობის ავტორი |
| 9 (RLIN) | 22371 |
| 700 ## - ADDED ENTRY--PERSONAL NAME | |
| Personal name | ხუნდაძე, ი. |
| Relator term | რედაქტორი |
| 9 (RLIN) | 22492 |
| 942 ## - ADDED ENTRY ELEMENTS (KOHA) | |
| Source of classification or shelving scheme | |
| Koha item type | წიგნი |
| ჩამოწერის სტატუსი | დაკარგული ეგზემპლარის სტატუსი | კლასიფიკაციის წყარო ან თაროზე გაწყობის სქემა | დაზიანების სტატუსი | არ გაიცემა | მუდმივი მდებარეობა (დაცვის ადგილი) | ამჟამინდელი ადგილსამყოფელი | თაროზე განთავსების ადგილი | შეძენის თარიღი | ღირებულება, შესყიდვის ნორმალური ფასი | სრული შენახვის შიფრი | შტრიხკოდი | ბოლო ოპერაციის თარიღი | ეგზემპლარის მიმდევრობითი ნომერი (კეტერი?) | ფასის ძალაში შესვლის თარიღი | ეგზემპლარის სახეობა | საჯარო შენიშვნა |
|---|---|---|---|---|---|---|---|---|---|---|---|---|---|---|---|---|
| ბათუმის შოთა რუსთაველის სახელმწიფო უნივერსიტეტის მთავარი ბიბლიოთეკა | ბათუმის შოთა რუსთაველის სახელმწიფო უნივერსიტეტის მთავარი ბიბლიოთეკა | წიგნსაცავი | 2024-12-17 | 20.00 | 615.89(479.22) ბ-14 | 69994 | 2024-12-17 | 69994 | 2024-12-17 | წიგნი | 20 ლ. |
